Every NFL First Team All-Pro Player From 2003-2012 - Statistics

General Stats
  • This quiz has been taken 114 times
  • The average score is 149 of 272
Answer Stats
Year Team Position Answer % Correct
2012 Lions WR Calvin Johnson
99%
2011 Lions WR Calvin Johnson
99%
2012 Broncos QB Peyton Manning
99%
2009 Colts QB Peyton Manning
99%
2008 Colts QB Peyton Manning
99%
2005 Colts QB Peyton Manning
99%
2004 Colts QB Peyton Manning
99%
2003 Colts QB Peyton Manning
99%
2011 Packers QB Aaron Rodgers
98%
2009 Texans WR Andre Johnson
98%
2008 Texans WR Andre Johnson
98%
2006 Bengals WR Chad Johnson
98%
2005 Bengals WR Chad Johnson
98%
2009 Titans RB Chris Johnson
98%
2011 Chiefs LB Derrick Johnson
98%
2006 Chiefs RB Larry Johnson
98%
2012 Vikings RB Adrian Peterson
96%
2009 Vikings RB Adrian Peterson
96%
2008 Vikings RB Adrian Peterson
96%
2011 Eagles T Jason Peters
96%
2003 49ers LB Julian Peterson
96%
2011 Cardinals KR Patrick Peterson
96%
2010 Patriots QB Tom Brady
96%
2007 Patriots QB Tom Brady
96%
2007 Patriots WR Randy Moss
94%
2003 Vikings WR Randy Moss
94%
2012 Falcons TE Tony Gonzalez
94%
2008 Chiefs TE Tony Gonzalez
94%
2003 Chiefs TE Tony Gonzalez
94%
2011 Patriots TE Rob Gronkowski
93%
2012 Ravens KR Jacoby Jones
92%
2010 Steelers LB James Harrison
92%
2008 Steelers LB James Harrison
92%
2006 Colts WR Marvin Harrison
92%
2004 Colts WR Marvin Harrison
92%
2003 Patriots S Rodney Harrison
92%
2007 Seahawks T Walter Jones
92%
2005 Seahawks T Walter Jones
92%
2004 Seahawks T Walter Jones
92%
2010 Ravens S Ed Reed
90%
2008 Ravens S Ed Reed
90%
2007 Ravens S Ed Reed
90%
2006 Ravens S Ed Reed
90%
2004 Ravens S Ed Reed
90%
2003 Ravens RB Jamal Lewis
90%
2012 Seahawks RB Marshawn Lynch
90%
2009 Ravens LB Ray Lewis
90%
2008 Ravens LB Ray Lewis
90%
2004 Ravens LB Ray Lewis
90%
2003 Ravens LB Ray Lewis
90%
2005 Panthers WR Steve Smith
88%
2012 49ers LB Aldon Smith
87%
2006 Saints QB Drew Brees
87%
2011 49ers Interior Lineman Justin Smith
87%
2007 Chargers RB LaDainian Tomlinson
87%
2006 Chargers RB LaDainian Tomlinson
87%
2004 Chargers RB LaDainian Tomlinson
87%
2012 Seahawks S Earl Thomas
86%
2010 Cowboys TE Jason Witten
86%
2007 Cowboys TE Jason Witten
86%
2011 Browns T Joe Thomas
86%
2010 Browns T Joe Thomas
86%
2009 Browns T Joe Thomas
86%
2011 Eagles RB LeSean McCoy
86%
2006 Ravens LB Adalius Thomas
85%
2012 Seahawks CB Richard Sherman
85%
2011 Steelers S Troy Polamalu
85%
2010 Steelers S Troy Polamalu
85%
2008 Steelers S Troy Polamalu
85%
2005 Steelers S Troy Polamalu
85%
2006 Dolphins LB Zach Thomas
85%
2003 Dolphins LB Zach Thomas
85%
2006 Chargers TE Antonio Gates
82%
2005 Chargers TE Antonio Gates
82%
2004 Chargers TE Antonio Gates
82%
2010 Chiefs RB Jamaal Charles
82%
2012 Texans Edge J.J. Watt
82%
2011 Jets CB Darrelle Revis
80%
2010 Jets CB Darrelle Revis
80%
2009 Jets CB Darrelle Revis
80%
2010 Colts WR Reggie Wayne
79%
2010 Falcons WR Roddy White
79%
2011 Patriots WR Wes Welker
76%
2009 Patriots WR Wes Welker
76%
2012 Bears WR Brandon Marshall
75%
2010 Bears KR Devin Hester
75%
2007 Bears KR Devin Hester
75%
2006 Bears KR Devin Hester
75%
2005 Seahawks RB Shaun Alexander
75%
2011 Vikings Edge Jared Allen
74%
2009 Vikings Edge Jared Allen
74%
2008 Vikings Edge Jared Allen
74%
2007 Chiefs Edge Jared Allen
74%
2008 Giants Edge Justin Tuck
74%
2010 Texans RB Arian Foster
73%
2006 Bears LB Brian Urlacher
73%
2005 Bears LB Brian Urlacher
73%
2008 Cardinals WR Larry Fitzgerald
73%
2011 Jaguars RB Maurice Jones-Drew
73%
2004 Patriots K Adam Vinatieri
70%
2011 Packers CB Charles Woodson
70%
2009 Packers CB Charles Woodson
70%
2003 Giants Edge Michael Strahan
70%
2012 Broncos LB Von Miller
70%
2005 Giants RB Tiki Barber
69%
2012 49ers LB Patrick Willis
68%
2011 49ers LB Patrick Willis
68%
2010 49ers LB Patrick Willis
68%
2009 49ers LB Patrick Willis
68%
2007 49ers LB Patrick Willis
68%
2003 Chiefs RB Priest Holmes
68%
2005 Buccaneers CB Ronde Barber
68%
2004 Buccaneers CB Ronde Barber
68%
2003 Rams WR Torry Holt
68%
2006 Dolphins Edge Jason Taylor
64%
2007 Cowboys WR Terrell Owens
64%
2004 Eagles WR Terrell Owens
64%
2004 Jets RB Curtis Martin
63%
2006 Broncos CB Champ Bailey
61%
2005 Broncos CB Champ Bailey
61%
2004 Broncos CB Champ Bailey
61%
2005 Buccaneers LB Derrick Brooks
61%
2004 Buccaneers LB Derrick Brooks
61%
2006 Chargers Interior Lineman Jamal Williams
61%
2005 Chargers Interior Lineman Jamal Williams
61%
2009 Vikings Interior Lineman Kevin Williams
61%
2008 Vikings Interior Lineman Kevin Williams
61%
2007 Vikings Interior Lineman Kevin Williams
61%
2006 Vikings Interior Lineman Kevin Williams
61%
2004 Vikings Interior Lineman Kevin Williams
61%
2003 Cowboys S Roy Williams
61%
2011 Ravens LB Terrell Suggs
61%
2009 Colts Edge Dwight Freeney
60%
2005 Colts Edge Dwight Freeney
60%
2004 Colts Edge Dwight Freeney
60%
2010 Bears Edge Julius Peppers
60%
2006 Panthers Edge Julius Peppers
60%
2004 Panthers Edge Julius Peppers
60%
2011 Cowboys LB DeMarcus Ware
58%
2009 Cowboys LB DeMarcus Ware
58%
2008 Cowboys LB DeMarcus Ware
58%
2007 Cowboys LB DeMarcus Ware
58%
2012 Patriots Interior Lineman Vince Wilfork
58%
2006 Eagles S Brian Dawkins
57%
2004 Eagles S Brian Dawkins
57%
2007 Colts S Bob Sanders
56%
2005 Colts S Bob Sanders
56%
2009 Colts TE Dallas Clark
56%
2012 49ers LB NaVorro Bowman
56%
2011 49ers LB NaVorro Bowman
56%
2010 Lions Interior Lineman Ndamukong Suh
56%
2010 Packers LB Clay Matthews
55%
2012 Texans T Duane Brown
52%
2006 Saints T Jammal Brown
52%
2011 Steelers C Maurkice Pouncey
52%
2008 Falcons RB Michael Turner
50%
2012 Bengals Interior Lineman Geno Atkins
49%
2003 Patriots CB Ty Law
49%
2007 Eagles RB Brian Westbrook
46%
2012 Ravens FB Vonta Leach
45%
2011 Ravens FB Vonta Leach
45%
2010 Texans FB Vonta Leach
45%
2003 Ravens T Jonathan Ogden
44%
2006 Bears K Robbie Gould
44%
2008 Patriots K Stephen Gostkowski
44%
2006 Bengals T Willie Anderson
44%
2005 Bengals T Willie Anderson
44%
2004 Bengals T Willie Anderson
44%
2011 Giants Edge Jason Pierre-Paul
43%
2011 Chargers S Eric Weddle
42%
2010 Raiders P Shane Lechler
42%
2009 Raiders P Shane Lechler
42%
2008 Raiders P Shane Lechler
42%
2004 Raiders P Shane Lechler
42%
2003 Raiders P Shane Lechler
42%
2012 Bears CB Charles Tillman
40%
2005 Texans KR Jerome Mathis
40%
2006 Jaguars CB Rashean Mathis
40%
2012 49ers P Andy Lee
39%
2011 49ers P Andy Lee
39%
2007 49ers P Andy Lee
39%
2011 Ravens Interior Lineman Haloti Ngata
39%
2010 Ravens Interior Lineman Haloti Ngata
39%
2007 Colts C Jeff Saturday
39%
2005 Colts C Jeff Saturday
39%
2012 Dolphins Edge Cameron Wake
38%
2010 Jets C Nick Mangold
38%
2009 Jets C Nick Mangold
38%
2007 Chargers FB Lorenzo Neal
36%
2006 Chargers FB Lorenzo Neal
36%
2010 Raiders CB Nnamdi Asomugha
32%
2008 Raiders CB Nnamdi Asomugha
32%
2003 Chiefs G Will Shields
32%
2003 Rams T Orlando Pace
31%
2005 Bears LB Lance Briggs
27%
2009 Vikings G Steve Hutchinson
27%
2008 Vikings G Steve Hutchinson
27%
2007 Vikings G Steve Hutchinson
27%
2005 Seahawks G Steve Hutchinson
27%
2003 Seahawks G Steve Hutchinson
27%
2007 Steelers G Alan Faneca
26%
2006 Steelers G Alan Faneca
26%
2005 Steelers G Alan Faneca
26%
2004 Steelers G Alan Faneca
26%
2007 Chargers CB Antonio Cromartie
26%
2003 Chiefs KR Dante Hall
26%
2007 Patriots LB Mike Vrabel
26%
2009 Cardinals S Adrian Wilson
25%
2005 Broncos LB Al Wilson
25%
2012 Saints G Jahri Evans
25%
2011 Saints G Jahri Evans
25%
2010 Saints G Jahri Evans
25%
2009 Saints G Jahri Evans
25%
2009 Browns KR Joshua Cribbs
25%
2005 Patriots Interior Lineman Richard Seymour
25%
2004 Patriots Interior Lineman Richard Seymour
25%
2003 Patriots Interior Lineman Richard Seymour
25%
2010 Patriots G Logan Mankins
24%
2003 Chiefs T Willie Roaf
24%
2009 Saints S Darren Sharper
23%
2006 Chargers LB Shawne Merriman
23%
2008 Titans Interior Lineman Albert Haynesworth
21%
2007 Titans Interior Lineman Albert Haynesworth
21%
2007 Patriots CB Asante Samuel
21%
2009 Broncos LB Elvis Dumervil
21%
2010 Patriots LB Jerod Mayo
21%
2008 Titans C Kevin Mawae
21%
2008 Titans CB Cortland Finnegan
20%
2011 49ers K David Akers
20%
2010 Dolphins T Jake Long
20%
2003 Colts K Mike Vanderjagt
20%
2012 Vikings K Blair Walsh
19%
2010 Falcons Edge John Abraham
15%
2003 Panthers Interior Lineman Kris Jenkins
15%
2005 Giants Edge Osi Umenyiora
14%
2007 Patriots T Matt Light
13%
2003 Ravens CB Chris McAlister
12%
2003 Rams Edge Leonard Little
11%
2006 Bears C Olin Kreutz
11%
2004 Bills LB Takeo Spikes
11%
2006 Bills P Brian Moorman
10%
2005 Bills P Brian Moorman
10%
2004 Steelers LB James Farrior
10%
2006 Eagles G Shawn Andrews
10%
2010 Ravens K Billy Cundiff
8%
2004 Eagles CB Lito Sheppard
8%
2007 Seahawks LB Lofa Tatupu
8%
2012 Seahawks C Max Unger
8%
2004 Chiefs G Brian Waters
7%
2008 Giants G Chris Snee
7%
2009 Cowboys Interior Lineman Jay Ratliff
7%
2008 Panthers T Jordan Gross
7%
2007 Titans K Rob Bironas
7%
2012 Broncos T Ryan Clady
7%
2009 Broncos T Ryan Clady
7%
2008 Jets KR Leon Washington
6%
2008 Ravens FB Le'Ron McClain
6%
2009 Chargers K Nate Kaeding
6%
2008 Panthers LB Jon Beason
5%
2003 Titans LB Keith Bulluck
5%
2009 Eagles FB Leonard Weaver
5%
2005 Cardinals K Neil Rackers
5%
2003 Broncos C Tom Nalen
5%
2011 Saints G Carl Nicks
4%
2004 Steelers C Jeff Hartings
4%
2012 49ers G Mike Iupati
4%
2007 Seahawks Edge Patrick Kerney
4%
2004 Lions KR Eddie Drummond
2%
2005 Seahawks FB Mack Strong
2%
2008 Titans T Michael Roos
2%
2004 Packers FB William Henderson
2%
2012 49ers S Dashon Goldson
1%
No matching quizzes found
Score Distribution
Percent of People with Each Score
Percentile by Number Answered
Your Score History
You have not taken this quiz